| 000 | 00338nam a2200121Ia 4500 | ||
|---|---|---|---|
| 008 | 190802s9999 xx 000 0 und d | ||
| 020 | _a978-81-203-5125-7 | ||
| 100 | _aG.P.Talwar | ||
| 245 | 0 | _aTextbook of Biochemistry, Biotechnology Allied and Molecular Medicine | |
| 260 |
_aNew Delhi _bWiley _c2016 |
||
| 300 | _a1620:P | ||
| 942 | _cBK | ||
| 999 |
_c2350 _d2350 |
||